000 00927nam a22002415a 4500
003 OSt
005 20170220115351.0
008 161121s2007 ua frb 000 0 ara d
015 _a2007/1741
020 _a9770449369
040 _aEG-ScBUE
_bara
_cEG-ScBUE
082 0 4 _a382.92
_bب ص ي
_222
100 1 _aبصيلي، خيري فتحي.
245 1 0 _aتسوية المنازعات في إطار اتفاقات منظمة التجارة العالمية /
_cخيري فتحي البصيلي.
260 _aالقاهرة :
_bدار النهضة العربية،
_c2007.
300 _a630 ص. ؛
_c24 سم.
504 _aيشتمل على إرجاعات ببليوجرافية.
610 2 7 _a منظمة التجارة العالمية (جنيف، سويسرا)
_2BUEsh
650 7 _aالمنازعات التجارية (قانون دولي)
_2BUEsh
651 _2BUEsh
653 _bLLAAWW
_cNovember2016
942 _2ddc
999 _c23236
_d23208